000 00648cam a2200217 a 4500
001 000010088
005 20200929161834.0
008 830920s1980 ve 000 d spa
040 _aDO-SdBNP
_bspa
_cDLC
_dBNPHU
082 _aVe862.44
_bE74h
100 1 _aEsayag, Abraham.
_925068
245 1 3 _aEl hombre que hacia click /
_cAbraham Esayag.
260 _aCaracas, (Venezuela) :
_bDirección General de Cultura,
_c1980.
300 _a83 p. ; :
_b21 cm.
490 1 _aBreves
650 4 _aTeatro venezolano
_923074
650 4 _aLiteratura venezolana
_93816
830 0 _aBreves.
_924542
910 _aCatalogación por copia / LC
049 _aBNGR
999 _c9847
_d9847